LEADER 01591nam 2200409 n 450 001 996394607903316 005 20221108101022.0 035 $a(CKB)4940000000120854 035 $a(EEBO)2248545254 035 $a(UnM)99836719 035 $a(EXLCZ)994940000000120854 100 $a19900918d1623 uh | 101 0 $aeng 135 $aurbn||||a|bb| 200 10$aBy the King. A proclamation for restraint of killing, dressing, and eating of flesh in Lent, or on fish dayes, appointed by the law, to be hereafter strictly obserued by all sorts of people$b[electronic resource] 210 $a[Imprinted at London $cBy Bonham Norton, and Iohn Bill, printers to the Kings most excellent Maiestie$dAnno M.DC.XXIII. [1623]] 215 $a[3] sheets 300 $aCaption title. 300 $aDated at end: Whitehall the seuen and twentieth day of December, in the one and twentieth yeere of our reigne .. 300 $aImprint from colophon. 300 $aReproduction of the original in the Henry E. Huntington Library and Art Gallery. 330 $aeebo-0113 606 $aMeat industry and trade$zGreat Britain$xLaw and legislation 606 $aLent 606 $aFasting$xLaw and legislation 615 0$aMeat industry and trade$xLaw and legislation. 615 0$aLent. 615 0$aFasting$xLaw and legislation. 701 $aJames$cKing of England,$f1566-1625.$01001019 801 0$bCu-RivES 801 1$bCu-RivES 801 2$bCStRLIN 801 2$bWaOLN 906 $aBOOK 912 $a996394607903316 996 $aBy the King$92299281 997 $aUNISA